Name the 9 states of Austria and then the capitals - Statistics

General Stats
  • This quiz has been taken 25 times
  • The average score is 13 of 18
Answer Stats
Answer % Correct
Salzburg
95%
Salzburg
95%
Vienna
95%
Vienna
95%
Graz
82%
Linz
82%
Innsbruck
77%
Burgenland
73%
Tyrol
73%
Klagenfurt
68%
Lower Austria
68%
Upper Austria
68%
Vorarlberg
68%
Styria
64%
Carinthia
59%
St. Pölten
59%
Bregenz
50%
Eisenstadt
50%
No matching quizzes found
Score Distribution
Percent of People with Each Score
Percentile by Number Answered
Your Score History
You have not taken this quiz